00619cam a22001933a 450000100060000000300060000600500170001200800410002904000150007004200070008510000260009224501320011826000290025050600300027951600200030970000250032983000290035485600420038341394PGUSA20140828083930.0121117s2012||||xxu|||||s|||||000 | eng d aPGUSAbeng adc1 aOtis, Charles Herbert10aMichigan Trees :bA Handbook of the Native and Most Important Introduced Speciesh[electronic resource] /cCharles Herbert Otis bProject Gutenberg,c2012 aPublic domain in the USA. aElectronic text1 aBurns, George Plumer 0aProject Gutenbergv4139440uhttp://www.gutenberg.org/ebooks/41394